Bài tập hoá học đại cương : Dùng cho sinh viên các trường Cao đẳng /

Spremljeno u:
Bibliografski detalji
Glavni autor: Lê Mậu Quyền
Format: Sách giấy
Jezik:Vietnamese
Izdano: H. : Giáo dục, 2007.
Izdanje:Tái bản lần thứ nhất
Teme:
Oznake: Dodaj oznaku
Bez oznaka, Budi prvi tko označuje ovaj zapis!
Thư viện lưu trữ: Thư viện Trường Đại học Đà Lạt
LEADER 00761nam a2200301 4500
001 DLU070059337
005 ##20070514
040 # # |a DLU  |b vie 
041 # # |a vie 
044 # # |a vn 
082 # # |a 540.76  |b LE-Q 
100 # # |a Lê Mậu Quyền 
245 # # |a Bài tập hoá học đại cương :  |b Dùng cho sinh viên các trường Cao đẳng /  |c Lê Mậu Quyền 
250 # # |a Tái bản lần thứ nhất 
260 # # |a H. :  |b Giáo dục,  |c 2007. 
300 # # |a 155 tr. ;  |c 24 cm. 
653 # # |a Bài tập 
653 # # |a Hoá học 
923 # # |a 05/2007 
992 # # |a 17000 
994 # # |a DLU 
900 # # |a True 
911 # # |a Đào Thị Thu Huyền 
925 # # |a G 
926 # # |a A 
927 # # |a SH 
980 # # |a Thư viện Trường Đại học Đà Lạt